Datum a čas kvízu
32
Celkem bodů
Celkový počet nahraných bodů na tomto kvízu bez doplňovacích otázek.
10.
Pořadí na kvízu
Konečné umístění týmu na tomto kvízu.
Zaznamenané odpovědi
| # | Otázka | Odpověď | Body | Výsledky |
|---|---|---|---|---|
| 1. | Opavským strážníkům se na auto... | o holuba | 0 | |
| 2. | Prezidentské volby v Bělorusku... | Litva | 1 | |
| 3. | Televize Nova postupně odkrývá... | Erika Stárková, Albert Černý | 1 | |
| 4. | Z Obchodu Play a App Store byl... | Fortnite | 1 | |
| 5. | Hokejisté Bostonu přišli v prů... | Tuukka Rask | 1 | |
| 6. | Nedávno jsme se zabývali různý... | Břetislav I. a Jitka (Gutta ze Schweinfurtu) | 0 | |
| 7. | Dne 24. července roku 1177 uza... | Fridrich I. Barbarossa (Rudovous) | 1 | |
| 8. | Dalším špičatým letopočtem v n... | Albrecht Dürer | 1 | |
| 9. | Dostáváme se do novověku, konk... | Anna Stuartovna | 0 | |
| 10. | Dne 30. dubna 1777 se narodil... | Carl Friedrich Gauss | 0 |